Geography Quiz

Random Geography or Color Quiz

Diagonal Flag Countries Quiz Stats

 Plays Quiz not verified by Sporcle

Support Sporcle.
Go Orange.
Score 0/44 Timer 07:00
0 Plays Today
Continent Country % Correct
AfricaDemocratic Republic of the Congo
53.7%
AfricaTanzania
50.4%
AmericasTrinidad and Tobago
50.4%
EuropeUnited Kingdom
48%
AfricaSouth Africa
46.3%
AfricaRepublic of the Congo
43.9%
OceaniaSolomon Islands
43.9%
AmericasJamaica
43.1%
OceaniaMarshall Islands
41.5%
AfricaEritrea
40.7%
AsiaJordan
40.7%
AmericasSaint Kitts and Nevis
40.7%
AfricaNamibia
39.8%
EuropeBosnia and Herzegovina
39.8%
OceaniaPapua New Guinea
39.8%
AfricaSeychelles
39%
AsiaNepal
39%
AfricaSudan
38.2%
AsiaKuwait
37.4%
EuropeCzech republic
37.4%
AmericasCuba
37.4%
AmericasSaint Lucia
37.4%
Continent Country % Correct
AfricaBurundi
36.6%
AfricaSouth Sudan
36.6%
AfricaMozambique
35.8%
AmericasBahamas
35.8%
AfricaDjibouti
35%
AsiaBhutan
35%
AmericasGrenada
35%
OceaniaVanuatu
35%
AsiaTimor-Leste
34.1%
AmericasGuyana
34.1%
AfricaZimbabwe
33.3%
AsiaBahrain
33.3%
AsiaQatar
33.3%
AmericasAntigua and Barbuda
32.5%
AfricaComoros
31.7%
AfricaEquatorial Guinea
31.7%
AfricaSao tome and Principe
31.7%
AmericasBrazil
30.9%
AsiaBrunei
29.3%
AsiaPhilippines
26.8%
AsiaSouth Korea
25.2%
EuropeMacedonia
25.2%

You're not logged in!

Compare scores with friends on all Sporcle quizzes.
OR
Log In

From the Vault

30 in 60: Music Artists II

by dreamteam_NRKX

We are pretty darn sure that Marvin Gaye recorded Oops!... I Did It Again.
Remove Ads.
Support Sporcle.
Get the best of Sporcle when you Go Orange. This ad-free experience offers more features, more stats, and more fun while also helping to support Sporcle. Thank you for becoming a member.

Show Comments

Extras

Top Quizzes Today


Score Distribution

Your Account Isn't Verified!

In order to create a playlist on Sporcle, you need to verify the email address you used during registration. Go to your Sporcle Settings to finish the process.

Report this User

Report this user for behavior that violates our Community Guidelines.

Details: